| Tag |
First Indicator |
Second Indicator |
Subfields |
| LEADER |
00000cam a2200000 4500 |
| 001 |
in00000061862 |
| 005 |
20151008051058.0 |
| 008 |
741007s1966 eng u |
| 010 |
|
|
|a 66071119
|
| 035 |
|
|
|a (OCoLC)01033465
|
| 035 |
|
|
|9 AAG5569AM
|
| 040 |
|
|
|c BOS
|d TXA
|d UtOrBLW
|
| 049 |
|
|
|a TXAM
|c [473594]
|
| 050 |
|
0 |
|a BC135
|b .D43 1966a
|
| 082 |
0 |
|
|a 166
|
| 092 |
|
|
|a 166
|b D386o
|
| 100 |
1 |
|
|a De Morgan, Augustus,
|d 1806-1871.
|
| 245 |
1 |
0 |
|a On the syllogism :
|b and other logical writings /
|c edited, with an introduction by Peter Heath.
|
| 264 |
|
1 |
|a London :
|b Routledge & K. Paul,
|c 1966.
|
| 300 |
|
|
|a xxxi, 355 pages :
|b tables, diagrams ;
|c 23 cm.
|
| 336 |
|
|
|a text
|b txt
|2 rdacontent
|
| 337 |
|
|
|a unmediated
|b n
|2 rdamedia
|
| 338 |
|
|
|a volume
|b nc
|2 rdacarrier
|
| 490 |
1 |
|
|a Rare masterpieces of philosophy and science
|
| 504 |
|
|
|a Bibliography: pages xxxi.
|
| 650 |
|
0 |
|a Logic, Symbolic and mathematical.
|
| 650 |
|
0 |
|a Syllogism.
|
| 700 |
1 |
|
|a Heath, Peter,
|d 1922-2002.
|
| 830 |
|
0 |
|a Rare masterpieces of philosophy and science.
|
| 999 |
|
|
|a MARS
|
| 999 |
f |
f |
|s 10ad7575-942b-3565-ad4a-bfafde2a5121
|i be1c458e-82c5-39e5-94ff-4b2711f448e1
|t 0
|
| 952 |
f |
f |
|p ric
|a Texas A&M University
|b Rellis Campus
|c Joint Library Facility
|d Remote Storage
|t 0
|e BC135 .D43 1966a
|h Library of Congress classification
|i unmediated -- volume
|m A14800531105
|
| 998 |
f |
f |
|a BC135 .D43 1966a
|t 0
|l Remote Storage
|